Score 0/8 Timer 02:00
1 Play Today
% Correct
Commit Adultery
95.1%
Commit Murder
95%
Covet Your Neighbour's Possessions
91.9%
Have Other Gods
91.3%
Steal
90.8%
Make Or Worship Idols
90.5%
Give False Evidence Against Your Neighbour
87%
Blaspheme
79%
Remove Ads.
Support Sporcle.
Get the best of Sporcle when you Go Orange. This ad-free experience offers more features, more stats, and more fun while also helping to support Sporcle. Thank you for becoming a member.

You're not logged in!

Compare scores with friends on all Sporcle quizzes.
OR
Log In

Sporcle TV

Today on Sporcle TV


Watch our educational content, quiz creation guides, and fun videos on Sporcle TV.

Show Comments

Extras

Top Quizzes Today


Score Distribution

Paid Content

Your Account Isn't Verified!

In order to create a playlist on Sporcle, you need to verify the email address you used during registration. Go to your Sporcle Settings to finish the process.

Report this User

Report this user for behavior that violates our Community Guidelines.

Details: